000 00508nam a2200193Ia 4500
005 20250423101225.0
008 250422s9999 xx 000 0 und d
020 _a9780808924449
050 _aQM 601 .M66/
100 _aMoore, Keith L.
245 4 _aThe developing human: clinically oriented embryology
250 _a9th ed.
260 _aPhiladelphia, PA
260 _bSaunders/Elsevier
260 _c2013
300 _a540 p
650 _aEmbryology, Human. Abnormalities, Human.
942 _cBK
999 _c35662
_d35662